000 00727nam a22002297a 4500
003 UA-OsUOA
001 48511
007 ta
008 20130530b un ||||| |||| 00| 0 ukr d
090 _a01
942 _cBK
040 _aUA-OsUOA
_beng
_cUA-OsUOA
_dUA-OsUOA
245 _aList of Bibliographies: Bibliographic Guides and Sources with Subjects Index
_ccomp. by Irene M. Vertikoff
300 _a79 p.
955 _a1
041 _aeng
080 _a01
260 _bThe Ohio State University
_c1983
650 7 _a01 Бібліографія і бібліографії. Каталоги
_2UDC
999 _c428617
_d428617